An inquiry into the nature and causes of the wealth of nations. (Record no. 552031)
[ view plain ]
| 000 -LEADER | |
|---|---|
| fixed length control field | 00493cam a2200169u 4500 |
| 082 ## - DEWEY DECIMAL CLASSIFICATION NUMBER | |
| Classification number | 330 |
| Author Mark | SMI |
| 100 1# - MAIN ENTRY--PERSONAL NAME | |
| Personal name | Smith, Adam, |
| 9 (RLIN) | 49220 |
| 245 03 - TITLE STATEMENT | |
| Title | An inquiry into the nature and causes of the wealth of nations. |
| 250 ## - EDITION STATEMENT | |
| Edition statement | 2d ed. |
| 260 ## - PUBLICATION, DISTRIBUTION, ETC. | |
| Place of publication, distribution, etc. | Oxford, |
| Name of publisher, distributor, etc. | Clarendon press, |
| Date of publication, distribution, etc. | 1880. |
| 300 ## - PHYSICAL DESCRIPTION | |
| Extent | 2 v. |
| Other physical details | front (port.) |
| Dimensions | 23 cm. |
| 526 ## - STUDY PROGRAM INFORMATION NOTE | |
| Program name | 0 |
| Interest level | 0 |
| Reading level | 0 |
| Title point value | 330_000000000000000_SMI |
| 650 #0 - SUBJECT ADDED ENTRY--TOPICAL TERM | |
| Topical term or geographic name entry element | Economics. |
| 9 (RLIN) | 1437 |
| 650 #0 - SUBJECT ADDED ENTRY--TOPICAL TERM | |
| Topical term or geographic name entry element | MCE |
| 9 (RLIN) | 379 |
| 700 1# - ADDED ENTRY--PERSONAL NAME | |
| Personal name | Rogers, James E. Thorold |
| 9 (RLIN) | 49221 |
| 942 ## - ADDED ENTRY ELEMENTS (KOHA) | |
| Source of classification or shelving scheme | |
| Koha item type | Book |
| Withdrawn status | Lost status | Source of classification or shelving scheme | Damaged status | Not for loan | Permanent Location | Current Location | Shelving location | Date acquired | Total Checkouts | Full call number | Barcode | Date last seen | Price effective from | Koha item type |
|---|---|---|---|---|---|---|---|---|---|---|---|---|---|---|
| Military College of Engineering (MCE) | Military College of Engineering (MCE) | 01/06/2015 | 330 SMI | MCE-ECH / 5.2 | 01/06/2015 | 01/06/2015 | Book |
